Classifica Marcatori Ligue 1 2020-2021 - Statistics

Statistiche generali
  • Questo quiz è stato fatto 8 volte
  • Il punteggio medio è 6 su 15
Statistiche sulle risposte
Gol Nazione Squadra Calciatore % Corretto
27 Francia Paris Saint-Germain Kylian Mbappé
100%
20 Paesi Bassi Olympique Lione Memphis Depay
75%
20 Francia Monaco Wissam Ben Yedder
75%
13 Canada Lilla Jonathan David
63%
13 Italia Paris Saint-Germain Moise Kean
63%
16 Turchia Lilla Burak Yılmaz
50%
16 Germania Monaco Kevin Volland
38%
16 Francia Montpellier Gaëtan Laborde
25%
14 Camerun Olympique Lione Karl Toko Ekambi
25%
15 Francia Montpellier Andy Delort
13%
14 Senegal Stade Reims Boulaye Dia
13%
12 Corea del Sud Bordeaux Hwang Ui-jo
13%
12 Francia Nizza Amine Gouiri
0%
16 Francia Strasburgo Ludovic Ajorque
0%
14 Nigeria Lorient Terem Moffi
0%
Nessun quiz corrispondente trovato
Distribuzione punteggi
Percentuale di utenti per punteggio
Percentile per numero di risposta
I tuoi punteggi nel tempo
Non hai fatto questo quiz